ნორმალური ფორმატი
MARC ფორმატი
ჩანაწერი Corporate Name
ჩანაწერთა რაოდენობა, რომელიც გამოყენებულია: 2
001 - CONTROL NUMBER
- control field: 18512
003 - CONTROL NUMBER IDENTIFIER
- control field: GE_BSU
005 - DATE AND TIME OF LATEST TRANSACTION
- control field: 20230606114451.0
008 - FIXED-LENGTH DATA ELEMENTS
- fixed length control field: 230606|| aca||aabn | a|a d
040 ## - CATALOGING SOURCE
- Original cataloging agency: GE_BSU
- Transcribing agency: GE_BSU
110 ## - HEADING--CORPORATE NAME
- Corporate name or jurisdiction name as entry element: თბილ. საბანკო-საფინანსო ინ-ტი.
670 ## - SOURCE DATA FOUND
- Source citation: Work cat.: (GE_BSU)34823: ლომაია, ც. 18510, ადამიანური რესურსების მენეჯმენტი= Management of human resources /
